Statistiques concernant Pays finissant par la lettre i

Cliquez ici pour prendre le quiz!

Statistiques générales

  • Ce quiz a été pris 640 fois
  • Le résultat moyen est 6 sur 11

Statistiques - réponses

ContinentCountry% Correct
Amérique du SudChili
78%
OcéanieFidji
70%
AfriqueMali
69%
OcéanieKiribati
63%
AfriqueBurundi
59%
Amérique du NordHaiti
59%
AfriqueMalawi
59%
AfriqueDjibouti
54%
AfriqueEswatini
53%
AsieBrunei
37%
EuropeRoyaume-Uni
29%

Distribution des résultats

Percentile par nombre de réponses

% des personnes avec chaque résultat

Votre développement - résultats

Vous n’avez pas pris ce quiz